000 01325cas a2200253 4500
001 L153649
008 11081222010 eng u
035 _a(Sirsi) u153649
041 0 _aeng
050 _a333.33 $2 18
110 2 _aDTZ
245 0 0 _aProperty Times UK regional offices
_h[electronic resource]
260 _a[S.l.]
_cDTZ $2 010-
362 0 _aQ2 2010-
490 0 _aProperty Times UK Regional Offices
_vQ2 2010
520 _aA regular report on the occupational real estate market with commentary, analysis and key data including an executive summary and sections on the UK economy, regional overview, occupier markets, investment overview, occupier data and forecasts, key transactions, economics data and forecasts, and definitions.
554 _aQuarterly
650 2 4 _aDTZ PROPERTY TIMES UK REGIONAL OFFICES
651 4 _aUnited Kingdom
_y
690 _aPROPERTY-COMMERCIAL PROPERTY-COMMERCIAL PROPERTY FINANCE AND INVESTMENT
690 _aPROPERTY-COMMERCIAL PROPERTY-COMMERCIAL PROPERTY MARKET
856 4 0 _uhttps://www.dtz.com/Global/Research?vgnLocale=en_GB
_z View the report free of charge after free registration (highlight United Kingdom in country box under Geography tab, type Property Times UK Regional Offices in the search box and click on search) at www.dtz.com
942 _n0
999 _c119348
_d119348